عرض عادي
عرض مارك
- إيران
دخول Topical Term
001 - CONTROL NUMBER
- control field: 28111
003 - CONTROL NUMBER IDENTIFIER
- control field: AE-AdECS
005 - DATE AND TIME OF LATEST TRANSACTION
- control field: 20260326135415.0
008 - FIXED-LENGTH DATA ELEMENTS
- fixed length control field: 260326|| aca||aabn | a|a d
040 ## - CATALOGING SOURCE
- Original cataloging agency: AE-AdECS
- Transcribing agency: AE-AdECS
150 ## - HEADING--TOPICAL TERM
- Topical term or geographic name entry element: إيران
- General subdivision: علاقات عربية
670 ## - SOURCE DATA FOUND
- Source citation: Work cat.: (AE-AdECS)294605: الحبوني، حسن حامد مؤلف. 28108, السياسة الإيرانية نحو دول الشرق العربي (1979-2016) /
